Pays avec le plus de Wal-Mart - Statistiques

Statistiques générales
  • Ce quiz a été pris 49 fois
  • Le résultat moyen est 7 sur 10
Statistiques - réponses
# de Wal-Mart Le pay % Correct
411 Canada
98%
5,362 États Unis
98%
2,448 Mexique
93%
633 Royaume-Uni
86%
331 Japon
79%
433 Chine
77%
390 Afrique du Sud
60%
375 Chili
33%
250 Guatemala
33%
257 Costa Rica
26%
Aucun quiz correspondant
Distribution des résultats
% des personnes avec chaque résultat
Percentile par nombre de réponses
Votre historique - résultats
Vous n’avez pas pris ce quiz